000 00224nam a22000857a 4500
008 170616b xxu||||| |||| 00| 0 eng d
100 _93435
_aChakraborty. S
245 _aTampa and the Sparrows
260 _aNew Delhi
_bN. B. T
_c2009
999 _c6810
_d6810